Breve tratado sobre la reforma monetaria / (Record no. 6044)

MARC details
000 -CABECERA
campo de control de longitud fija 00675nam a2200217 a 4500
005 - FECHA Y HORA DE LA ÚLTIMA TRANSACCIÓN
campo de control 20220628114413.0
008 - ELEMENTOS DE LONGITUD FIJA--INFORMACIÓN GENERAL
campo de control de longitud fija 991125s1996 mx 000 0 spa u
020 ## - NÚMERO INTERNACIONAL NORMALIZADO PARA LIBROS
Número Internacional Estándar del Libro 9681637135
035 ## - NÚMERO DE CONTROL DEL SISTEMA
Número de control de sistema UPN01000006044
049 ## - COLECCIÓN
Colección CG
050 #4 - SIGNATURA TOPOGRÁFICA DE LA BIBLIOTECA DEL CONGRESO
Número de clasificación HG221
Número de documento/Ítem K4.28
100 1# - ASIENTO PRINCIPAL--NOMBRE PERSONAL
Nombre de persona Keynes, John Maynard,
Fechas asociadas al nombre 1883-1946.
245 10 - MENCIÓN DE TÍTULO
Título Breve tratado sobre la reforma monetaria /
Mención de responsabilidad, etc. John Maynard Keynes ; tr. de Carlos Rodríguez Braun.
260 ## - PUBLICACIÓN, DISTRIBUCIÓN, ETC.
Lugar de publicación, distribución, etc. México :
Nombre del editor, distribuidor, etc. FCE,
Fecha de publicación, distribución, etc. 1996.
300 ## - DESCRIPCIÓN FÍSICA
Extensión 206 p.
440 #0 - MENCIÓN DE SERIE/ASIENTO SECUNDARIO--TÍTULO
Título Clásicos de economía
534 ## - NOTA SOBRE LA VERSIÓN ORIGINAL
Mención de título del original Traducción de:
Frase introductoria A tract on monetary reform
650 #7 - ASIENTO SECUNDARIO DE MATERIA - TERMINO TEMATICO
Término de materia o nombre geográfico como elemento de entrada Economía keynesiana
Fuente del encabezamiento o término
9 (RLIN) 15843
650 #4 - ASIENTO SECUNDARIO DE MATERIA - TERMINO TEMATICO
Término de materia o nombre geográfico como elemento de entrada POLITICA MONETARIA
9 (RLIN) 1440
905 ## - TIPO DE MATERIAL
Tipo de material Libro
Holdings
Estado de retiro Estado de pérdida Fuente del sistema de clasificación o colocación Estado dañado No para préstamo Código de colección Localización permanente Ubicación/localización actual Ubicación en estantería Fecha de adquisición Total de préstamos Clasificación Código de barras Fecha visto por última vez Fecha del último préstamo Número de copia Tipo de ítem Koha
    Library of Congress Classification     Colección General Bib. Gregorio Torres Quintero Bib. Gregorio Torres Quintero Planta baja 13/03/2024 8 HG221 K4.28 168025 14/03/2024 13/03/2024 1 Libro
    Library of Congress Classification     Colección General Bib. Gregorio Torres Quintero Bib. Gregorio Torres Quintero Planta baja 13/03/2024 8 HG221 K4.28 168026 14/03/2024 13/03/2024 1 Libro
    Library of Congress Classification     Colección General Bib. Gregorio Torres Quintero Bib. Gregorio Torres Quintero Planta baja   6 HG221 K4.28 168027 31/12/2020   1 Libro